| 000 | 00577nam a2200145 a 4500 | ||
|---|---|---|---|
| 001 | 000033395 | ||
| 005 | 20200930070229.0 | ||
| 008 | 110714s1921 dr 000 0 spa d | ||
| 040 |
_aDO-SdBNP _bspa _cBNPHU |
||
| 110 | 1 |
_aRepública Dominicana _bFomento y Comunicaciones _958349 |
|
| 245 | 1 | 0 | _aMemoria que al Jefe del Gobierno Militar de la República Dominicana, presenta al oficial encargado de la Secretaría de Estado de Fomento y Comunicaciones, 1917-1918. |
| 260 |
_aSanto Domingo : _bEl Progreso.. Emiliano Espinal, _c1921. |
||
| 300 |
_a172 p. ; _c27 cm. |
||
| 049 | _aBNPD | ||
| 999 |
_c32886 _d32886 |
||